| 000 | 00615nam a2200229 a 4500 | ||
|---|---|---|---|
| 001 | 43357 | ||
| 003 | BD-RjUL | ||
| 005 | 20211209053704.0 | ||
| 008 | 160621s19531929enk 001 0 eng d | ||
| 035 | _a(BD-RjUL)43475 | ||
| 040 |
_aBD-RjUL _beng _cBD-RjUL |
||
| 041 | _aeng | ||
| 082 |
_223 _a371.102 _bCAF 1953 |
||
| 100 | 1 |
_aCatty, Nancy. _d1873- _9133176 |
|
| 245 | 1 | 2 |
_aA first book on teaching / _cby Nancy Catty. |
| 250 | _a6th ed. | ||
| 260 |
_aLondon : _bMethuen, _c1950 [reprint 1953]. |
||
| 300 |
_axvi, 191 p. ; _c18 cm. |
||
| 500 | _aIncludes index | ||
| 650 | 0 |
_aTeaching. _9133177 |
|
| 942 |
_2ddc _cBK |
||
| 999 |
_c43357 _d43357 |
||